000 00378nam a2200169Ia 4500
005 20250423095653.0
008 250422s9999 xx 000 0 und d
020 _a0- 7582- 0015- 3
050 _aPS 3620 .Y58 H28/
100 _aTyler, Ben
245 0 _aHunk house
260 _aNew York
260 _bKensington Books
260 _c2002
300 _a279 p
942 _cBK
999 _c30976
_d30976